000 00321 a2200133 4500
000 nam a22 7a 4500
100 _aRobertson
110 _aRobertson
245 _aDNA: Replication, Recombination and Repair
250 _alatest edition
260 _bBRILLIANCE
_c2026
264 _bBRILLIANCE
_c2026
942 _cBK
999 _c394057
_d394057